000 00735nam a22001817a 4500
999 _c14889
_d14889
003 OSt
082 _2631.587 AJA/CO
088 _aP375
100 _aAJAY JAYAKUMAR
_aBINSHA K.T
_aJESNA D. SILVA
_93987
245 _aComparative Evaluation of Simplified Hydroponic Techniques for Vegetable Cultivation
260 _aTavanur 2017
_bDEPARTMENT OF IRRIGATION AND DRAINAGE ENGINEERING
300 _a80
500 _aComparative Evaluation of Simplified Hydroponic Techniques for Vegetable Cultivation
520 _aComparative Evaluation of Simplified Hydroponic Techniques for Vegetable Cultivation
700 _aDr. Rema K.P (Guide)
_93468
856 _uhttps://drive.google.com/open?id=13ZVEz1lOj2idy9vX4mZq9mzNUUieNghG
942 _cPR